| 000 | 01278cam a2200277 4500 | ||
|---|---|---|---|
| 008 | 040106n1997 000 0 eng u | ||
| 020 | _a0419210504 | ||
| 035 | _a(Sirsi) u124732 | ||
| 041 | _aeng | ||
| 050 |
_a711.4 _c18 |
||
| 245 | _aDecision support systems in urban planning | ||
| 260 |
_aLondon _bSpons _c1997 |
||
| 300 |
_axix, 326p. _c24cm |
||
| 350 | _a60 | ||
| 520 | _aPresents a set of selected and edited papers from the second and third Design and Decision Support Conferences on decision support systems available to decision-makers covering different areas of urban planning such as site selection, environmental management and transport and divided into theory, methodology and application. Decision support tools are designed to support decision-makers by assessing the likely impact of their decisions and to assist decision-makers by generating and evaluating actual estimates. Contributors from world-wide. | ||
| 650 | _aDECISION SUPPORT TOOLS | ||
| 650 | _aURBAN PLANNING | ||
| 650 | _aPOLICY DEVELOPMENT | ||
| 650 | _aURBAN POLICY | ||
| 650 | _aURBAN DESIGN | ||
| 650 | _aSPATIAL PLANNING | ||
| 650 | _aGIS | ||
| 690 | _aENVIRONMENTAL AND LAND CONSULTANCY-PLANNING AND DEVELOPMENT | ||
| 700 |
_aTimmermans, Harry _xEditor |
||
| 942 | _n0 | ||
| 999 |
_c103272 _d103272 |
||